|
|
|
|
| LEADER |
01152cam a2200265 i 4500 |
| 001 |
c000227424 |
| 003 |
CARM |
| 005 |
20061207104727.0 |
| 008 |
860611s1974 xnaab 000 0 eng |
| 010 |
|
|
|a abn86136635
|
| 019 |
1 |
|
|a 4579329
|5 LACONCORD2021
|
| 035 |
|
|
|a (OCoLC)219833308
|5 LACONCORD2021
|
| 040 |
|
|
|a QDEH
|b eng
|c VCAV
|
| 042 |
|
|
|a anuc
|
| 245 |
0 |
0 |
|a Study of the technical and economic factors involved in the development of air monitoring networks in australia /
|c P.A. Management Consultants Pty. Ltd., Environmental Services Division.
|
| 260 |
|
|
|a Sydney :
|b P.A. Management Consultants,
|c 1974.
|
| 300 |
|
|
|a 350 p. :
|b ill., maps ;
|c 30cm.
|
| 500 |
|
|
|a At head of title: Australian Environment Council.
|
| 650 |
0 |
0 |
|a Air quality management
|z Australia.
|
| 650 |
0 |
0 |
|a Air quality monitoring stations
|z Australia.
|
| 710 |
2 |
|
|a Australian Environment Council
|
| 710 |
2 |
|
|a P.A. Management Consultants
|
| 852 |
8 |
|
|b CARM
|h A2:AH26H0
|i F01291
|p 0268646
|f BK
|
| 999 |
f |
f |
|i fef22786-55e4-51d4-a6be-d014762c423e
|s e9033dd8-ded0-5a6f-b961-63ca8c852e70
|
| 952 |
f |
f |
|p Can circulate
|a CAVAL
|b CAVAL
|c CAVAL
|d CARM 1 Store
|e F01291
|f A2:AH26H0
|h Other scheme
|i book
|m 0268646
|